000 00252nam a2200097Ia 4500
001 1041595
005 20250826232044.0
008 250824s9999 xx 000 0 und d
245 0 _aOSMANLI İMPAROTORLUĞU
_cERHAN AFYONCU
260 _bYEDİTEPE YAYINLARI
999 _c1041595
_d1041595